| 000 | 00604nam a2200217Ia 4500 | ||
|---|---|---|---|
| 005 | 20230427134210.0 | ||
| 008 | 131103s9999 xx 000 0 und d | ||
| 020 | _a088950518 3 | ||
| 040 | _aLoreto College | ||
| 041 | _aEnglish | ||
| 082 |
_a616 _bREA |
||
| 245 | _aGuides to medical cures and treatments | ||
| 260 |
_aMontreal _bThe Reader's Digest Association _c1996 |
||
| 300 |
_a480 p. _b ill.,charts, photos |
||
| 504 | _aIncludes index | ||
| 630 | _aMedical Science - Diseases - | ||
| 650 | _aReader's Digest Association | ||
| 651 | _aMedical Science - | ||
| 850 | _aLCLIB | ||
| 942 | _cBK | ||
| 999 |
_c938 _d51417 |
||